=LDR 00000nam 2200000 4500 =001 INLIS000000000034112 =005 20130612140029 =008 ***********************************Ind** =035 ##$$0010-061300000034112 =041 ##$$a Ind =082 ##$$a 028.5 =090 ##$$a 028.5, Mah t =100 ##$$a Maharani =245 ##$$a The fox who ate the stones, Maharani =260 ##$$a 2007 $b Jakarta =300 ##$$a 36 hlm, ilus, 19 cm =650 ##$$a Bacaan Anak-anak =850 ##$$a NBPNMAT